[Event "Junior Online 4NCL Division 5"]
[Site "online"]
[Date "2021.04.01"]
[EventDate "2021.04.01"]
[Round "6.188"]
[White "Fernandes, Dion"]
[WhiteElo "1000"]
[WhiteTeam "KEGS B"]
[Black "Friel, Daniel"]
[BlackElo "700"]
[BlackTeam "St. Laurence's BNS 1"]
[Result "1-0"]
[PlyCount "39"]

1. e4 e5 2. Nf3 Nc6 3. Bc4 Bc5 4. a3 Nf6 5. b4 Bd4 6. c3 Bb6 7. a4 a5 8. b5 Ne7 9. Nxe5 Nxe4 10. Nxf7 Rf8 11. Nxd8 Kxd8 12. Qg4 Bxf2+ 13. Ke2 d5 14. Qxg7 Ke8 15. d3 Nc5 16. Bg5 Bg4+ 17. Kd2 Rf7 18. Qh8+ Rf8 19. Qe5 dxc4 20. Qxe7# 1-0

[Event "Junior Online 4NCL Division 5"]
[Site "online"]
[Date "2021.04.01"]
[EventDate "2021.04.01"]
[Round "6.191"]
[White "Subramonian, Ananya"]
[WhiteElo "796"]
[WhiteTeam "Edgware Gambits K"]
[Black "Zhao, Wenyi"]
[BlackElo "1424"]
[BlackTeam "KJCA Young Kestrels G"]
[Result "1-0"]
[PlyCount "55"]

1. e4 e6 2. d4 d5 3. exd5 exd5 4. Nc3 Nf6 5. Nf3 Bd6 6. Bg5 Nbd7 7. Nxd5 O-O 8. Bd3 h6 9. Nxf6+ Nxf6 10. Bd2 Re8+ 11. Be2 Ng4 12. O-O Bxh2+ 13. Nxh2 Nxh2 14. Kxh2 Qh4+ 15. Kg1 Re6 16. Be1 Rg6 17. g3 Qf6 18. Bd3 Rg4 19. Be2 Rxd4 20. Qc1 Bh3 21. Bc3 Bxf1 22. Qxf1 Rad8 23. Qg2 Qc6 24. Bf3 Qd6 25. Qf1 Ra4 26. Qg2 c6 27. g4 Rd4 28. Bxd4 1-0

[Event "Junior Online 4NCL Division 5"]
[Site "online"]
[Date "2021.04.01"]
[EventDate "2021.04.01"]
[Round "6.192"]
[White "Allen, George"]
[WhiteElo "1249"]
[WhiteTeam "KJCA Young Kestrels G"]
[Black "Trim, Xanthe"]
[BlackElo "775"]
[BlackTeam "Edgware Gambits K"]
[Result "1-0"]
[PlyCount "91"]

1. b4 d5 2. Bb2 e5 3. Bxe5 Nc6 4. Bc3 Bd6 5. b5 d4 6. Bb2 Nb4 7. a3 Nd5 8. Bxd4 Nge7 9. Bxg7 Rg8 10. Bb2 Bg4 11. h3 Bh5 12. c4 Nf4 13. Nf3 Qd7 14. g4 Bg6 15. e3 Ne6 16. Nd4 Be4 17. f3 Bg6 18. f4 O-O-O 19. f5 Nxd4 20. Bxd4 Bg3+ 21. Ke2 Bxf5 22. gxf5 Nxf5 23. Bf6 Rde8 24. Qb3 Qe6 25. Qc3 Bf4 26. Bd4 Rg3 27. Kf2 Bxe3+ 28. dxe3 Nxe3 29. Kxg3 Nxf1+ 30. Rxf1 Qd6+ 31. Kg2 Qg6+ 32. Qg3 Qc2+ 33. Rf2 Qxc4 34. Bxa7 Re7 35. Qg8+ Kd7 36. Rd2+ Ke6 37. Qg4+ Kf6 38. Bd4+ Re5 39. Bxe5+ Kxe5 40. Qxc4 f5 41. Qd5+ Kf6 42. Nc3 f4 43. Ne4+ Kg6 44. Qg5+ Kf7 45. Qf6+ Kg8 46. Rd8# 1-0

[Event "Junior Online 4NCL Division 5"]
[Site "online"]
[Date "2021.04.01"]
[EventDate "2021.04.01"]
[Round "6.193"]
[White "Szajman, Noah"]
[WhiteElo "700"]
[WhiteTeam "Edgware Gambits K"]
[Black "Srivastava, Anya"]
[BlackElo "1225"]
[BlackTeam "KJCA Young Kestrels G"]
[Result "0-1"]
[PlyCount "62"]

1. e4 c5 2. Nf3 d6 3. Bb5+ Nc6 4. d3 a6 5. Bxc6+ bxc6 6. Bg5 h6 7. Bf4 g5 8. Be3 e5 9. O-O Bg4 10. Nbd2 Bxf3 11. Nxf3 Nf6 12. a4 g4 13. Nd2 d5 14. exd5 cxd5 15. Nb3 d4 16. Bd2 h5 17. Ba5 Qd7 18. Nxc5 Bxc5 19. c3 O-O 20. cxd4 Bxd4 21. Bb4 Rfb8 22. Ba5 Bxb2 23. Rb1 Bd4 24. Rxb8+ Rxb8 25. Bd2 Bb2 26. Qb1 Qxa4 27. Bg5 Nd7 28. d4 Bxd4 29. Bf6 Rxb1 30. Bd8 Rxf1+ 31. Kxf1 Qd1# 0-1

[Event "Junior Online 4NCL Division 5"]
[Site "online"]
[Date "2021.04.01"]
[EventDate "2021.04.01"]
[Round "6.194"]
[White "Oprea, Lucas"]
[WhiteElo "1214"]
[WhiteTeam "KJCA Young Kestrels G"]
[Black "Wen, Liana"]
[BlackElo "700"]
[BlackTeam "Edgware Gambits K"]
[Result "1-0"]
[PlyCount "91"]

1. e4 e5 2. Nf3 Nc6 3. Nc3 Nf6 4. Bb5 a6 5. Bxc6 dxc6 6. d3 Bb4 7. Bg5 h6 8. Bxf6 Qxf6 9. Qd2 O-O 10. a3 Bc5 11. O-O Bg4 12. Qe2 Bd4 13. h3 Bh5 14. Nd1 c5 15. c3 Bxf3 16. Qxf3 Qxf3 17. gxf3 Bxf2+ 18. Nxf2 b5 19. b4 c4 20. dxc4 bxc4 21. a4 Rab8 22. Rfb1 c5 23. bxc5 Rfd8 24. Rxb8 Rxb8 25. Ng4 Rb3 26. Rc1 Rb2 27. Nxe5 Re2 28. Nxc4 Ra2 29. Nb6 g5 30. Rd1 Rc2 31. Rd6 Kg7 32. Nd5 a5 33. f4 Rc1+ 34. Kg2 gxf4 35. Kf3 Rf1+ 36. Kg4 Rd1 37. c6 Kf8 38. c7 Rg1+ 39. Kxf4 Rg8 40. c8=Q+ Kg7 41. Rd8 f6 42. Rxg8+ Kf7 43. Qf8+ Ke6 44. Qe8+ Kd6 45. Qe7+ Kc6 46. Rc8# 1-0

[Event "Junior Online 4NCL Division 5"]
[Site "online"]
[Date "2021.04.01"]
[EventDate "2021.04.01"]
[Round "6.195"]
[White "Zhao, Wenyi"]
[WhiteElo "1424"]
[WhiteTeam "KJCA Young Kestrels G"]
[Black "Subramonian, Ananya"]
[BlackElo "796"]
[BlackTeam "Edgware Gambits K"]
[Result "1-0"]
[PlyCount "63"]

1. d4 e5 2. e3 exd4 3. exd4 Bb4+ 4. Bd2 Bd6 5. c4 Nf6 6. Nc3 Nc6 7. Nf3 Ng4 8. Bd3 O-O 9. O-O Nb4 10. h3 Nf6 11. Be3 b6 12. a3 Nxd3 13. Qxd3 Bb7 14. Ng5 g6 15. f4 Nh5 16. f5 Ng3 17. Rf2 Nh5 18. fxg6 fxg6 19. Rxf8+ Qxf8 20. Rf1 Qg7 21. Rf7 Qh8 22. Rxh7 Qf6 23. Rf7 Qh8 24. Qxg6+ Qg7 25. Rxg7+ Nxg7 26. Nf7 Bg3 27. Bh6 Be5 28. dxe5 Kf8 29. Qxg7+ Ke8 30. Qg8+ Ke7 31. Bg5+ Ke6 32. Qg6# 1-0

[Event "Junior Online 4NCL Division 5"]
[Site "online"]
[Date "2021.04.01"]
[EventDate "2021.04.01"]
[Round "6.196"]
[White "Trim, Xanthe"]
[WhiteElo "775"]
[WhiteTeam "Edgware Gambits K"]
[Black "Allen, George"]
[BlackElo "1249"]
[BlackTeam "KJCA Young Kestrels G"]
[Result "0-1"]
[PlyCount "88"]

1. d4 Nf6 2. Nf3 e6 3. e3 d5 4. Bb5+ Bd7 5. Bd3 a6 6. O-O Bd6 7. Nc3 Nc6 8. e4 dxe4 9. Bxe4 Nxe4 10. Nxe4 O-O 11. Bg5 Be7 12. Bf4 h6 13. d5 exd5 14. Qxd5 Be6 15. Qh5 Bf6 16. Nxf6+ Qxf6 17. Qc5 Qxf4 18. Rad1 Qf5 19. Qc3 Qf6 20. Nd4 Nxd4 21. Rxd4 Rac8 22. Rfd1 Bxa2 23. Qb4 Qb6 24. Qe7 Qe6 25. Rd7 Qxe7 26. Rxe7 Rce8 27. Rxc7 Rd8 28. Ra1 Be6 29. Rxb7 Ra8 30. Re7 Rfc8 31. b3 Rxc2 32. b4 Rb2 33. Rd1 Rxb4 34. Rf1 a5 35. f4 a4 36. f5 Bc4 37. f6 Bxf1 38. Kxf1 Rb1+ 39. Kf2 a3 40. g4 a2 41. fxg7 Kxg7 42. g5 hxg5 43. Kf3 a1=Q 44. Kg4 Qf6 0-1

[Event "Junior Online 4NCL Division 5"]
[Site "online"]
[Date "2021.04.01"]
[EventDate "2021.04.01"]
[Round "6.197"]
[White "Srivastava, Anya"]
[WhiteElo "1225"]
[WhiteTeam "KJCA Young Kestrels G"]
[Black "Szajman, Noah"]
[BlackElo "700"]
[BlackTeam "Edgware Gambits K"]
[Result "1-0"]
[PlyCount "45"]

1. d4 d5 2. c4 dxc4 3. e4 Bg4 4. Qxg4 Nc6 5. d5 Nd4 6. Bxc4 e6 7. Qd1 exd5 8. Bxd5 Qxd5 9. exd5 Bb4+ 10. Nc3 Nf6 11. Qxd4 Bxc3+ 12. Qxc3 O-O 13. Qxc7 Rae8+ 14. Be3 Nxd5 15. Qxb7 Nxe3 16. fxe3 Ra8 17. O-O-O Rac8+ 18. Kb1 Rb8 19. Qxa7 Ra8 20. Qc5 Rac8 21. Qd4 Rfd8 22. Qxd8+ Rxd8 23. Rxd8# 1-0

[Event "Junior Online 4NCL Division 5"]
[Site "online"]
[Date "2021.04.01"]
[EventDate "2021.04.01"]
[Round "6.198"]
[White "Wen, Liana"]
[WhiteElo "700"]
[WhiteTeam "Edgware Gambits K"]
[Black "Oprea, Lucas"]
[BlackElo "1214"]
[BlackTeam "KJCA Young Kestrels G"]
[Result "1-0"]
[PlyCount "39"]

1. e4 e5 2. Nf3 Nc6 3. Bc4 Bc5 4. Nc3 Nf6 5. d3 Bd4 6. Nd5 O-O 7. O-O Ng4 8. Bg5 Nf6 9. c3 Bb6 10. d4 exd4 11. cxd4 d6 12. e5 h6 13. Bh4 Be6 14. exf6 gxf6 15. Bxf6 Qe8 16. Re1 Qc8 17. Qd2 Bxd5 18. Bxd5 Ba5 19. Qxh6 Qg4 20. Qh8# 1-0

[Event "Junior Online 4NCL Division 5"]
[Site "online"]
[Date "2021.04.01"]
[EventDate "2021.04.01"]
[Round "6.201"]
[White "Rolletta, Sofia"]
[WhiteElo "1218"]
[WhiteTeam "Golden Falcons 2"]
[Black "Sridhar, Siddarth Iyer"]
[BlackElo "1057"]
[BlackTeam "Maidenhead Juniors 4"]
[Result "1/2-1/2"]
[PlyCount "105"]

1. d4 Nf6 2. Nf3 e5 3. e3 exd4 4. exd4 Nc6 5. Qe2+ Qe7 6. Qxe7+ Bxe7 7. Bg5 Ne4 8. Bxe7 Nxe7 9. c3 Nd5 10. Nbd2 Nxd2 11. Nxd2 d6 12. g3 O-O 13. Bg2 c6 14. Bxd5 cxd5 15. c4 dxc4 16. Nxc4 d5 17. Nd6 h6 18. Nxc8 Raxc8 19. O-O Rc2 20. b3 Rd2 21. Rfd1 Rxd1+ 22. Rxd1 b5 23. f4 Rc8 24. h4 Rc2 25. a4 bxa4 26. bxa4 Rc4 27. a5 Ra4 28. Re1 Rxa5 29. Re8+ Kh7 30. Re7 f6 31. g4 Ra4 32. g5 hxg5 33. fxg5 fxg5 34. hxg5 Rxd4 35. Re6 Rg4+ 36. Kf2 Rxg5 37. Ke3 a5 38. Ra6 d4+ 39. Kxd4 Rb5 40. Kc4 Rf5 41. Kb3 g5 42. Ka4 g4 43. Ra7+ Kg6 44. Ra6+ Kg5 45. Ra8 g3 46. Ka3 g2 47. Rg8+ Kh4 48. Rxg2 Kh3 49. Rg6 Rf4 50. Ra6 Rf5 51. Ka4 Kg4 52. Rxa5 Rxa5+ 53. Kxa5 1/2-1/2

[Event "Junior Online 4NCL Division 5"]
[Site "online"]
[Date "2021.04.01"]
[EventDate "2021.04.01"]
[Round "6.202"]
[White "Patel, Thilak"]
[WhiteElo "1023"]
[WhiteTeam "Maidenhead Juniors 4"]
[Black "Rolletta, Giuseppe"]
[BlackElo "1137"]
[BlackTeam "Golden Falcons 2"]
[Result "1-0"]
[PlyCount "47"]

1. e4 e5 2. Nf3 Nf6 3. Nc3 Nxe4 4. Nxe4 g6 5. Bc4 Bg7 6. b3 O-O 7. Bb2 Nc6 8. O-O b6 9. Nc3 Bb7 10. h3 e4 11. Nxe4 Bxb2 12. Rb1 Bg7 13. Nc3 Na5 14. Qe2 Qf6 15. Nd5 Bxd5 16. Bxd5 Rae8 17. Qd3 h5 18. Rbe1 Qg5 19. Nxg5 c6 20. Rxe8 Rxe8 21. Be4 b5 22. Bxg6 fxg6 23. Qxg6 Rf8 24. Qh7# 1-0

[Event "Junior Online 4NCL Division 5"]
[Site "online"]
[Date "2021.04.01"]
[EventDate "2021.04.01"]
[Round "6.203"]
[White "Lee, Thomas"]
[WhiteElo "1000"]
[WhiteTeam "Golden Falcons 2"]
[Black "Adhikari, Aanya"]
[BlackElo "1015"]
[BlackTeam "Maidenhead Juniors 4"]
[Result "0-1"]
[PlyCount "126"]

1. d4 d5 2. Bf4 Nc6 3. e3 Nf6 4. c3 Bd7 5. Nf3 e6 6. Nbd2 Be7 7. Bd3 Ne4 8. Nxe4 dxe4 9. Bxe4 Bd6 10. Bxd6 cxd6 11. O-O O-O 12. h3 e5 13. dxe5 dxe5 14. b4 a6 15. Bxc6 bxc6 16. Nxe5 Be6 17. Nxc6 Qg5 18. Qf3 Rac8 19. Nd4 Bc4 20. Rfd1 Rcd8 21. Nc6 Bd5 22. Qg4 Qxg4 23. hxg4 Bxc6 24. Rxd8 Rxd8 25. c4 h6 26. Rb1 Rd2 27. b5 axb5 28. cxb5 Bb7 29. a4 Ra2 30. Rb4 Ra1+ 31. Kh2 Ra2 32. Kg3 Kh7 33. f4 Rxg2+ 34. Kh3 Ra2 35. Kg3 Ra3 36. Kf2 g6 37. f5 g5 38. e4 f6 39. Ke2 Kg7 40. Rd4 Kf8 41. Kd2 Ra2+ 42. Kc3 Ra3+ 43. Kb4 Rg3 44. Rd8+ Ke7 45. Rb8 Bxe4 46. a5 Rxg4 47. Kc5 h5 48. a6 h4 49. a7 h3 50. a8=Q Bxa8 51. Rxa8 h2 52. Rh8 Rh4 53. Rxh4 gxh4 54. b6 h1=Q 55. Kb5 Qb1+ 56. Ka6 Qa1+ 57. Kb5 Qa8 58. Kc5 Qb8 59. Kc6 h3 60. b7 h2 61. Kb6 h1=Q 62. Ka6 Qhxb7+ 63. Ka5 Q7a7# 0-1

[Event "Junior Online 4NCL Division 5"]
[Site "online"]
[Date "2021.04.01"]
[EventDate "2021.04.01"]
[Round "6.204"]
[White "Markov, Tijana"]
[WhiteElo "1015"]
[WhiteTeam "Maidenhead Juniors 4"]
[Black "Masterskikh, Luka"]
[BlackElo "500"]
[BlackTeam "Golden Falcons 2"]
[Result "1-0"]
[PlyCount "95"]

1. e4 e5 2. Nf3 Nc6 3. Bc4 Bc5 4. Nc3 f6 5. d3 d6 6. Be3 Bxe3 7. fxe3 Nge7 8. O-O Ng8 9. d4 Nh6 10. Qd3 Ng4 11. h3 Nh6 12. a3 Rb8 13. Bb5 a6 14. Bxc6+ bxc6 15. Rab1 Ke7 16. Rfd1 Qe8 17. Qc4 Rg8 18. d5 Bb7 19. dxc6 Bxc6 20. Nd5+ Bxd5 21. exd5 Rc8 22. e4 g6 23. Qxa6 Rd8 24. Qd3 Qf7 25. b4 Rb8 26. b5 Qg7 27. a4 g5 28. g4 Nxg4 29. hxg4 Qh6 30. Kf2 Ra8 31. Ra1 Rgb8 32. Rdb1 Kf7 33. a5 Qh3 34. Nxg5+ Kg6 35. Nxh3 h5 36. gxh5+ Kxh5 37. Qe3 Rg8 38. b6 cxb6 39. axb6 Raf8 40. b7 Kg6 41. Qa7 Kh5 42. b8=Q Rxb8 43. Rxb8 Rxb8 44. Qxb8 Kh4 45. Ng1 Kg4 46. Ne2 Kh3 47. Rg1 Kh2 48. Qh8# 1-0

[Event "Junior Online 4NCL Division 5"]
[Site "online"]
[Date "2021.04.01"]
[EventDate "2021.04.01"]
[Round "6.205"]
[White "Sridhar, Siddarth Iyer"]
[WhiteElo "1057"]
[WhiteTeam "Maidenhead Juniors 4"]
[Black "Rolletta, Sofia"]
[BlackElo "1218"]
[BlackTeam "Golden Falcons 2"]
[Result "1-0"]
[PlyCount "99"]

1. e4 e6 2. d4 d5 3. exd5 exd5 4. Bf4 Qe7+ 5. Ne2 Qb4+ 6. Bd2 Qxb2 7. Nbc3 g6 8. Nxd5 Bd6 9. Ba5 Kd7 10. Nef4 Bb4+ 11. Bxb4 Nc6 12. Bb5 a6 13. Bxc6+ bxc6 14. Bc3 cxd5 15. Bxb2 Bb7 16. O-O Ne7 17. Re1 Rhe8 18. Ba3 Nc6 19. Rxe8 Rxe8 20. Rb1 Na5 21. Bb4 Nc6 22. Nxd5 Nxb4 23. Rxb4 Bxd5 24. Qg4+ Re6 25. h3 Bxa2 26. Ra4 Bb1 27. Qd1 Rb6 28. Ra1 Bxc2 29. Qxc2 Kd6 30. Rb1 Rc6 31. Qd3 Kd5 32. Ra1 Rc4 33. Rxa6 Rxd4 34. Qb1 Kc4 35. Ra4+ Kd5 36. Rxd4+ Kxd4 37. Qd1+ Kc3 38. Kf1 Kb2 39. Ke2 Kc3 40. Qd2+ Kc4 41. Qd3+ Kc5 42. Ke3 Kb4 43. Kd4 Ka5 44. Kc5 Ka4 45. Qb5+ Ka3 46. Qb4+ Ka2 47. Kc4 f5 48. Kc3 Ka1 49. Kc2 Ka2 50. Qb2# 1-0

[Event "Junior Online 4NCL Division 5"]
[Site "online"]
[Date "2021.04.01"]
[EventDate "2021.04.01"]
[Round "6.206"]
[White "Rolletta, Giuseppe"]
[WhiteElo "1137"]
[WhiteTeam "Golden Falcons 2"]
[Black "Patel, Thilak"]
[BlackElo "1023"]
[BlackTeam "Maidenhead Juniors 4"]
[Result "1-0"]
[PlyCount "61"]

1. d4 d5 2. Nf3 Nc6 3. g3 Nf6 4. Bg2 g6 5. O-O Bg7 6. Nc3 Bf5 7. b3 O-O 8. Bb2 Rc8 9. Nh4 Nb4 10. Nxf5 gxf5 11. Bh3 e6 12. Ba3 Nc6 13. Bxf8 Bxf8 14. Qd2 Bg7 15. Qg5 Nxd4 16. Kh1 Nxc2 17. Rad1 Ne4 18. Nxe4 dxe4 19. Qxd8+ Rxd8 20. Rxd8+ Bf8 21. g4 fxg4 22. Bxg4 Nd4 23. Rxd4 e5 24. Rxe4 f6 25. Be6+ Kg7 26. Rg1+ Kh6 27. Reg4 Kh5 28. R4g2 f5 29. Bxf5 c5 30. Rg3 c4 31. Rh3# 1-0

[Event "Junior Online 4NCL Division 5"]
[Site "online"]
[Date "2021.04.01"]
[EventDate "2021.04.01"]
[Round "6.207"]
[White "Adhikari, Aanya"]
[WhiteElo "1015"]
[WhiteTeam "Maidenhead Juniors 4"]
[Black "Lee, Thomas"]
[BlackElo "1000"]
[BlackTeam "Golden Falcons 2"]
[Result "1-0"]
[PlyCount "115"]

1. e4 c6 2. Nf3 d5 3. Nc3 dxe4 4. Nxe4 Bf5 5. Nc3 Nf6 6. Bc4 b5 7. Be2 Nbd7 8. d3 e5 9. Bg5 h6 10. Be3 Bc5 11. Bxc5 Nxc5 12. Nxe5 Qd6 13. Nf3 O-O 14. d4 Nce4 15. Nxe4 Nxe4 16. Nh4 Be6 17. O-O c5 18. dxc5 Qxd1 19. Raxd1 Nxc5 20. Bf3 Rad8 21. Rxd8 Rxd8 22. Be2 Rd2 23. Bd1 Na4 24. Nf3 Rd7 25. b3 Nb2 26. Be2 f6 27. Rb1 Na4 28. bxa4 bxa4 29. a3 Ba2 30. Ra1 Bd5 31. Rd1 Bc6 32. Rxd7 Bxd7 33. Bc4+ Kh7 34. Nh4 g5 35. Bd3+ Kg7 36. Nf5+ Kg6 37. Ne7+ Kf7 38. Nd5 Ke6 39. Ne3 Ke5 40. Kf1 Kd4 41. Ke2 Bg4+ 42. f3 Be6 43. Nf5+ Kc3 44. Nxh6 Kb2 45. Ng4 Bxg4 46. fxg4 Kxa3 47. Bc4 Kb4 48. Kd3 a3 49. c3+ Ka4 50. Ba2 Kb5 51. Kd4 Kc6 52. c4 a5 53. g3 a4 54. h4 Kd6 55. h5 Ke7 56. c5 Kf8 57. c6 Kg7 58. c7 1-0

[Event "Junior Online 4NCL Division 5"]
[Site "online"]
[Date "2021.04.01"]
[EventDate "2021.04.01"]
[Round "6.208"]
[White "Masterskikh, Luka"]
[WhiteElo "500"]
[WhiteTeam "Golden Falcons 2"]
[Black "Markov, Tijana"]
[BlackElo "1015"]
[BlackTeam "Maidenhead Juniors 4"]
[Result "1/2-1/2"]
[PlyCount "198"]

1. d4 d5 2. Nc3 Nf6 3. f3 e6 4. e4 Qe7 5. e5 Nfd7 6. Nh3 f6 7. exf6 Qxf6 8. Bg5 Qf5 9. Bd3 Qf7 10. f4 Nc6 11. Be2 g6 12. a3 Bd6 13. g3 Qg7 14. Rf1 Qxd4 15. Qxd4 Nxd4 16. O-O-O Nf5 17. Rf3 b6 18. Nb5 Ba6 19. Nxc7+ Bxc7 20. Bxa6 Nc5 21. Bb5+ Kf7 22. Re1 Ne4 23. g4 Nfd6 24. Bd3 Kg7 25. Bxe4 Nxe4 26. Rfe3 h6 27. Bh4 Rae8 28. f5 exf5 29. gxf5 gxf5 30. Rg1+ Kh7 31. c3 Bxh2 32. Rg2 Bc7 33. Rf3 Rhf8 34. Nf4 Bxf4+ 35. Rxf4 h5 36. Kc2 Kh6 37. b4 Kh7 38. Kd3 Re5 39. Kd4 Ree8 40. Kxd5 Nxc3+ 41. Kc4 Ne4 42. Kd5 a5 43. b5 Nc3+ 44. Kc4 Ne2 45. Rf3 Re4+ 46. Kd3 Rxh4 47. Rxe2 Kh6 48. Re6+ Kg5 49. Rxb6 Rd8+ 50. Ke2 Re4+ 51. Re3 Rd5 52. Rxe4 fxe4 53. Ke3 h4 54. Kxe4 Rf5 55. Rb8 h3 56. Rh8 Rxb5 57. Rxh3 Kf6 58. Rf3+ Ke6 59. Kd4 Kd6 60. Kc4 Rc5+ 61. Kb3 Kc6 62. Ka4 Kb6 63. Rf4 Rd5 64. Rf6+ Kb7 65. Rf7+ Kb6 66. Rf3 Rd4+ 67. Kb3 Kb5 68. Kc3 Rh4 69. Rd3 Ka4 70. Kb2 Rh2+ 71. Ka1 Kb5 72. Rb3+ Kc4 73. Re3 Kb5 74. Re4 Kb6 75. a4 Rh3 76. Ka2 Kc5 77. Rf4 Kb6 78. Rf5 Ka6 79. Rf6+ Kb7 80. Rf5 Kb6 81. Re5 Rh4 82. Ka3 Rh3+ 83. Ka2 Ka6 84. Re6+ Kb7 85. Re5 Kb6 86. Rf5 Kc6 87. Rxa5 Kb6 88. Rf5 Rh2+ 89. Ka3 Rh4 90. a5+ Ka6 91. Re5 Rg4 92. Rd5 Rh4 93. Re5 Rg4 94. Rf5 Rh4 95. Rd5 Rg4 96. Kb3 Rh4 97. Kc3 Ra4 98. Kb3 Rxa5 99. Rxa5+ Kxa5 1/2-1/2

[Event "Junior Online 4NCL Division 5"]
[Site "online"]
[Date "2021.04.01"]
[EventDate "2021.04.01"]
[Round "6.211"]
[White "Arora, Bukkan"]
[WhiteElo "1000"]
[WhiteTeam "Surrey Kings 3"]
[Black "Szajman, Adam"]
[BlackElo "998"]
[BlackTeam "Edgware Gambits H"]
[Result "0-1"]
[PlyCount "46"]

1. d4 e6 2. e4 d5 3. e5 c5 4. c3 Nc6 5. Nf3 Qb6 6. Nbd2 Bd7 7. Nb3 Nh6 8. Nxc5 Bxc5 9. dxc5 Qxc5 10. Bd3 Ng4 11. Be3 Nxe3 12. fxe3 Qxe3+ 13. Be2 Nxe5 14. Nxe5 Qxe5 15. Qd2 O-O 16. O-O-O h6 17. Rhe1 Qg5 18. Qxg5 hxg5 19. Bd3 Rac8 20. Re3 Rc5 21. Rh3 g6 22. Rf1 Bb5 23. Bc2 Bxf1 0-1

[Event "Junior Online 4NCL Division 5"]
[Site "online"]
[Date "2021.04.01"]
[EventDate "2021.04.01"]
[Round "6.212"]
[White "Bagchi, Aadi"]
[WhiteElo "995"]
[WhiteTeam "Edgware Gambits H"]
[Black "Flanders, William"]
[BlackElo "907"]
[BlackTeam "Surrey Kings 3"]
[Result "0-1"]
[PlyCount "100"]

1. e4 e5 2. Nf3 Nc6 3. Bc4 Nf6 4. Ng5 d5 5. exd5 Nxd5 6. Nxf7 Kxf7 7. Qf3+ Ke8 8. Bxd5 Qe7 9. Bxc6+ bxc6 10. Qxc6+ Kd8 11. Qxa8 Qd7 12. O-O Bd6 13. Qf3 Rf8 14. Qe3 a6 15. d4 Re8 16. Qf3 exd4 17. Bd2 Bxh2+ 18. Kxh2 Qd6+ 19. Kg1 Qg6 20. Re1 Rxe1+ 21. Bxe1 Bg4 22. Qd3 Bf5 23. Qg3 Bg4 24. Nd2 h5 25. Nc4 Qxc2 26. Nd2 Qxb2 27. Rb1 Qxa2 28. Rb8+ Ke7 29. Qe5+ Be6 30. Rg8 a5 31. Rxg7+ Kd8 32. Qxc7+ Ke8 33. Rg8+ Bxg8 34. Qe5+ Be6 35. Qxd4 a4 36. Nc4 Bxc4 37. Qe4+ Be6 38. f4 Kd8 39. Bb4 Qa1+ 40. Kf2 Qb2+ 41. Kg1 a3 42. Bxa3 Qb6+ 43. Bc5 Qxc5+ 44. Kf1 Bc4+ 45. Ke1 Qb4+ 46. Kf2 Qd2+ 47. Kg3 Bd3 48. Qe5 Kc8 49. f5 Qg5+ 50. Kf2 h4 0-1

[Event "Junior Online 4NCL Division 5"]
[Site "online"]
[Date "2021.04.01"]
[EventDate "2021.04.01"]
[Round "6.213"]
[White "Salguero, Santiago"]
[WhiteElo "927"]
[WhiteTeam "Surrey Kings 3"]
[Black "Illingworth-Law, Oscar"]
[BlackElo "969"]
[BlackTeam "Edgware Gambits H"]
[Result "1-0"]
[PlyCount "53"]

1. e4 e5 2. Nf3 Nc6 3. Bc4 Be7 4. Nc3 Nf6 5. d3 O-O 6. Bg5 d6 7. O-O Bg4 8. h3 Bh5 9. g4 Nxg4 10. hxg4 Bxg4 11. Qd2 Bxf3 12. Nd5 Bxg5 13. Qc3 Bh4 14. Qd2 Nd4 15. Qe3 Nxc2 16. Qxf3 Nxa1 17. Rxa1 Qg5+ 18. Kf1 Qd2 19. Nxc7 Rac8 20. Nd5 Qxb2 21. Ne7+ Bxe7 22. Re1 Kh8 23. Kg2 Qd2 24. Rh1 Qg5+ 25. Kf1 f5 26. Qh3 fxe4 27. Qxh7# 1-0

[Event "Junior Online 4NCL Division 5"]
[Site "online"]
[Date "2021.04.01"]
[EventDate "2021.04.01"]
[Round "6.214"]
[White "Patel, Kamran"]
[WhiteElo "952"]
[WhiteTeam "Edgware Gambits H"]
[Black "Ambrose, Ferran"]
[BlackElo "925"]
[BlackTeam "Surrey Kings 3"]
[Result "1/2-1/2"]
[PlyCount "54"]

1. d4 e6 2. Nf3 c5 3. dxc5 Bxc5 4. Nc3 Qb6 5. Ne4 f5 6. Nxc5 Qxc5 7. Nd4 Qa5+ 8. c3 Qb6 9. Bf4 Qxb2 10. Be5 Qxc3+ 11. Qd2 Qxa1+ 12. Qd1 Qc3+ 13. Qd2 Qxd2+ 14. Kxd2 Nf6 15. Bc7 Ne4+ 16. Ke3 Nc6 17. Nb5 Nb4 18. Ba5 Nc2+ 19. Kd3 Nxf2+ 20. Kxc2 Nxh1 21. Nc7+ Ke7 22. Nxa8 Rf8 23. Bb4+ Ke8 24. Bxf8 Kxf8 25. Nc7 Ke7 26. Nb5 a6 27. Na3 Nf2 1/2-1/2

[Event "Junior Online 4NCL Division 5"]
[Site "online"]
[Date "2021.04.01"]
[EventDate "2021.04.01"]
[Round "6.215"]
[White "Szajman, Adam"]
[WhiteElo "998"]
[WhiteTeam "Edgware Gambits H"]
[Black "Arora, Bukkan"]
[BlackElo "1000"]
[BlackTeam "Surrey Kings 3"]
[Result "0-1"]
[PlyCount "66"]

1. d4 d5 2. c4 e6 3. Nc3 Bd6 4. Nf3 Nf6 5. Bg5 Nc6 6. cxd5 exd5 7. Nxd5 Bb4+ 8. Nxb4 Nxb4 9. e3 Bf5 10. Bc4 Nc2+ 11. Kf1 Nxa1 12. Qxa1 O-O 13. Ke2 Qe7 14. d5 h6 15. Bxf6 Qxf6 16. Rd1 Rad8 17. Kf1 Be4 18. Nd2 Bxd5 19. Bxd5 Rxd5 20. Ne4 Rxd1+ 21. Qxd1 Qxb2 22. a4 Re8 23. f3 Qa2 24. Qd7 Qe6 25. Qxc7 Qe7 26. Qc4 Rd8 27. Nf2 Qxe3 28. Qc7 Rf8 29. Qxb7 Qd4 30. Qa6 Re8 31. Qb5 Qa1+ 32. Nd1 Qxd1+ 33. Kf2 Qe1# 0-1

[Event "Junior Online 4NCL Division 5"]
[Site "online"]
[Date "2021.04.01"]
[EventDate "2021.04.01"]
[Round "6.217"]
[White "Illingworth-Law, Oscar"]
[WhiteElo "969"]
[WhiteTeam "Edgware Gambits H"]
[Black "Salguero, Santiago"]
[BlackElo "927"]
[BlackTeam "Surrey Kings 3"]
[Result "0-1"]
[PlyCount "54"]

1. e4 e5 2. Nf3 Nc6 3. d4 Bb4+ 4. Bd2 exd4 5. Bxb4 Nxb4 6. Qxd4 Nxc2+ 7. Kd1 Nxd4 8. Nxd4 Nf6 9. e5 Ne4 10. Kc1 Qg5+ 11. Kc2 Qxe5 12. Kd3 Nxf2+ 13. Kd2 Nxh1 14. Nc3 Qf4+ 15. Kd3 Nf2+ 16. Ke2 Qxd4 17. Ke1 Qe3+ 18. Be2 d5 19. Nxd5 Qd4 20. Nxc7+ Kd7 21. Nxa8 Qxb2 22. Rd1+ Nxd1 23. Bxd1 Kd8 24. Bg4 Bxg4 25. Kf1 Qxa2 26. Kg1 Re8 27. Kh1 Re1# 0-1

[Event "Junior Online 4NCL Division 5"]
[Site "online"]
[Date "2021.04.01"]
[EventDate "2021.04.01"]
[Round "6.218"]
[White "Ambrose, Ferran"]
[WhiteElo "925"]
[WhiteTeam "Surrey Kings 3"]
[Black "Patel, Kamran"]
[BlackElo "952"]
[BlackTeam "Edgware Gambits H"]
[Result "0-1"]
[PlyCount "104"]

1. e3 e5 2. Qf3 Nc6 3. Bc4 Nf6 4. Nh3 Bc5 5. Ng5 O-O 6. Bxf7+ Rxf7 7. Nxf7 Kxf7 8. Nc3 Nb4 9. Kd1 d6 10. a3 Bg4 11. h3 Bxf3+ 12. gxf3 Nbd5 13. Nxd5 Nxd5 14. e4 Nf4 15. d4 Bxd4 16. Bxf4 exf4 17. c3 Bxf2 18. Rf1 Qh4 19. Kd2 Be3+ 20. Ke2 Qxh3 21. Rh1 Qg2+ 22. Ke1 Qxf3 23. Rf1 Qxe4 24. Rd1 Bf2+ 25. Kd2 Qe3+ 26. Kc2 Qe2+ 27. Kc1 Be3+ 28. Kb1 Qb5 29. Rde1 Bd2 30. Rd1 Be3 31. Ka2 Qc4+ 32. b3 Qxc3 33. Rh1 Qc2+ 34. Ka1 Bd4+ 35. Rxd4 Qc3+ 36. Ka2 Qxd4 37. Rxh7 Qd2+ 38. Ka1 Qc3+ 39. Kb1 Qxb3+ 40. Kc1 Qxa3+ 41. Kd2 Qb4+ 42. Kd3 Qb5+ 43. Kd4 Qc5+ 44. Ke4 Qe5+ 45. Kf3 Rg8 46. Kg2 Qe3 47. Kf1 Re8 48. Rh1 Qe2+ 49. Kg1 Re3 50. Rh2 Qg4+ 51. Kf1 Qf3+ 52. Rf2 Qh1# 0-1

[Event "Junior Online 4NCL Division 5"]
[Site "online"]
[Date "2021.04.01"]
[EventDate "2021.04.01"]
[Round "6.221"]
[White "Varea, Benjamin"]
[WhiteElo "1278"]
[WhiteTeam "Dragon Kings 1"]
[Black "Pasha, Ahmed"]
[BlackElo "900"]
[BlackTeam "The Hall 5"]
[Result "1-0"]
[PlyCount "69"]

1. e4 e5 2. Nf3 Nc6 3. Nc3 a6 4. a3 d6 5. Bc4 Bg4 6. h3 Bxf3 7. Qxf3 Nh6 8. d3 Nd4 9. Qd1 b5 10. Ba2 Qf6 11. Ne2 Nxe2 12. Qxe2 Qg6 13. Qf3 Be7 14. Bxh6 gxh6 15. Bd5 O-O-O 16. O-O-O Rhg8 17. g4 Qg5+ 18. Kb1 Rdf8 19. Qf5+ Qxf5 20. exf5 Bh4 21. Rhf1 Rg5 22. f4 Rgg8 23. fxe5 dxe5 24. Rd2 Bg5 25. Re2 Bf4 26. Rd1 Kd7 27. d4 exd4 28. Rxd4 Kd6 29. Bxf7+ Kc5 30. Rd5+ Kc6 31. Bxg8 Rxg8 32. Rd4 Bg3 33. Re6+ Kc5 34. c3 Bf2 35. b4# 1-0